Promises to Peter: (Record no. 14732)

000 -LEADER
fixed length control field 00556nam a2200181 a 4500
001 - CONTROL NUMBER
control field :::00012566$&:&@@
003 - CONTROL NUMBER IDENTIFIER
control field OkBaRHE
005 - DATE AND TIME OF LATEST TRANSACTION
control field 20000607103420.0
008 - FIXED-LENGTH DATA ELEMENTS--GENERAL INFORMATION
fixed length control field s1970 j 000 0 eng u
040 ## - CATALOGING SOURCE
Transcribing agency
100 1# - MAIN ENTRY--PERSONAL NAME
Personal name Shedd, Charlie W.
245 10 - TITLE STATEMENT
Title Promises to Peter:
Remainder of title building a bridge from parent to child.
260 ## - PUBLICATION, DISTRIBUTION, ETC. (IMPRINT)
Place of publication, distribution, etc Waco, TX., :
Name of publisher, distributor, etc Word Books
Date of publication, distribution, etc 1970
300 ## - PHYSICAL DESCRIPTION
Extent 147 p. ;
Dimensions 23 cm.
650 ## - SUBJECT ADDED ENTRY--TOPICAL TERM
Topical term or geographic name as entry element Child Rearing
942 ## - ADDED ENTRY ELEMENTS (KOHA)
Source of classification or shelving scheme
Koha item type Books
Copies
Full call number Damaged status Permanent Location Copy number Not for loan Koha item type Date acquired Withdrawn status Source of classification or shelving scheme Shelving location Date last seen Lost status Barcode Price effective from
HQ 769 .S512 RHEMA Bible Training College1 Books2010-04-14  General Stacks2010-04-14 125662010-04-14